00577 a2200181 450000500170000000800410001701000140005802000230007203500130009503700150010804000170012308200110014010000190015124500380017026000410020827001210024930000250037020080819140719.0080819t xxu||||| |||| 00| 0 eng d aENG-84729 a8189107062c125.00 aEN-68262 bDBAD / PUB adplbEnglish a153.15 aAgrawal, Vijay aStudy know morecby Vijay Agrawal aBhopalbIndra Publishing Housec2006 aE-5/21, Arera Colony, Habibganj, Thana RoadbBhopalcM.P.e462016k0755-2465238, 4277445mlandmark_no1@satyam.net.in a199 p.c22 cm. (Pbk)